The Qur'an

Bibliographic Details
Format: Book
Published: Singapore : Omar Brothers Publications Pte Ltd , 1992

MARC

LEADER 00000cam a2200000 7i4500
001 0000049437
005 20150629.0
008 150629
020 |a 997186102X 
090 0 0 |a 297.1225   |b QUR 
245 0 0 |a The Qur'an   |c Translation By Irving,T.B 
260 |a Singapore :   |b Omar Brothers Publications Pte Ltd ,   |c 1992 
999 |a 0000377765   |b Book   |c Adult Collection   |e Cawangan Muar